[Event "SCCF State Championship"]
[Site "?"]
[Date "2014.09.19"]
[Round "?"]
[White "Lu, Albert"]
[Black "Remlinger, Larry"]
[Result "0-1"]
[WhiteElo "2280"]
[BlackElo "2275"]
[PlyCount "70"]
[EventDate "2014.??.??"]
[SourceDate "2014.09.20"]

1. d4 Nf6 2. c4 g6 3. Nc3 Bg7 4. Nf3 d6 5. Bg5 h6 6. Bh4 g5 7. Bg3 Nh5 8. e3 c5
9. Be2 Nxg3 10. hxg3 cxd4 11. Nxd4 Nc6 12. O-O Bd7 13. Bf3 Rc8 14. b3 a6 15.
Rc1 Qa5 16. Bg4 Rd8 17. Bxd7+ Rxd7 18. Qg4 h5 19. Qe4 Nxd4 20. exd4 O-O 21. g4
hxg4 22. Qxg4 e6 23. Na4 Qd8 24. Rfd1 f5 25. Qe2 Qf6 26. c5 g4 27. d5 e5 28. c6
Rc7 29. cxb7 Rxb7 30. Qxa6 Rbf7 31. Rc6 f4 32. Rxd6 Qh4 33. Rg6 g3 34. Qd6
gxf2+ 35. Kf1 Qh1+ 0-1

[Event "SCCF State Championship"]
[Site "?"]
[Date "2014.09.21"]
[Round "?"]
[White "Remlinger, Larry"]
[Black "Kretchetov, Alexander"]
[Result "1-0"]
[WhiteElo "2375"]
[BlackElo "2396"]
[PlyCount "119"]
[EventDate "2014.??.??"]
[SourceDate "2014.09.20"]

1. d4 d5 2. Nf3 Nf6 3. c4 c6 4. e3 g6 5. Nbd2 Bg7 6. b4 O-O 7. Bb2 Bg4 8. Qb3
Bxf3 9. gxf3 e6 10. a4 a5 11. bxa5 Nbd7 12. Bg2 Qxa5 13. Bc3 Qc7 14. O-O g5 15.
Rfc1 Rfe8 16. Bb4 Qb8 17. Rab1 Ra7 18. a5 Bf8 19. Bc3 Bd6 20. h4 h6 21. hxg5
hxg5 22. Kf1 Nf8 23. Ke2 Ng6 24. Rh1 e5 25. Rbg1 c5 26. dxc5 d4 27. cxd6 dxc3
28. Qxc3 Qxd6 29. Bh3 Qd8 30. Rxg5 Nh7 31. Rgg1 Qxa5 32. Qxa5 Rxa5 33. Ra1 Rc5
34. Bf5 Nf6 35. Rhb1 Rc7 36. Ra7 Ree7 37. Rb6 Kg7 38. Bd3 Nf8 39. Nb3 Ne6 40.
Rb5 Nd8 41. Ra8 Nc6 42. Nd2 Red7 43. Nf1 Re7 44. Ng3 Re8 45. Nf5+ Kf8 46. Ra1
Rd8 47. Rab1 Rdd7 48. Rh1 Ng8 49. Rh8 Nce7 50. Rxe5 Ng6 51. Ra5 Rd8 52. Rh1
Rcd7 53. Nd4 Nf4+ 54. Kd2 Rxd4 55. exd4 Rxd4 56. Ra3 Ne7 57. Re1 Neg6 58. Re4
Rd7 59. Kc2 Ne6 60. Rxe6 1-0